000 00494nam a2200169Ia 4500
008 090201s9999 xx 000 0 und d
010 _aKPL-41299
040 _bमराठी
041 _aमराठी
082 _a34078
_b41299
100 _aरजनी शिरोडकर
245 _aनकळत
_cरजनी शिरोडकर
260 _c2004
_bप्रिया प्रकाशन
300 _a204
_bमोठा
600 _aनकळत
942 _cBOOK
999 _c232291
_d232291